[Event "Kieler Open 2018-A"]
[Site "Kiel"]
[Date "2018.07.28"]
[Round "1.1"]
[White "Zeng, Chongsheng"]
[Black "Berenstein, Alexander"]
[Result "1-0"]
[WhiteElo "2532"]
[BlackElo "1975"]
[Annotator "NB"]
[PlyCount "59"]
[EventDate "2018.??.??"]
[WhiteTeam "Chonqing"]
[BlackTeam "SV VHS Rendsburg"]

1. e4 e5 2. Nf3 Nf6 3. Nc3 d6 4. d4 exd4 5. Nxd4 Be7 6. g3 a6 7. Bg2 O-O 8. O-O
c5 9. Nde2 Nc6 10. h3 Bd7 11. Be3 b5 12. Nf4 Ne5 13. b3 Re8 14. Ncd5 Nxd5 15.
Nxd5 Bf8 16. f4 Nc6 17. Qd2 Rb8 18. Rad1 Qc8 19. Kh2 Nb4 20. Nxb4 cxb4 21. Qxb4
Qxc2 22. Rd2 Qc7 23. f5 Bc6 24. Bf4 Qb7 25. Re1 d5 26. Qd4 Rbd8 27. exd5 Rxe1
28. dxc6 Rxd4 29. cxb7 Rxd2 30. Bxd2 1-0

[Event "Kieler Open 2018-A"]
[Site "Kiel"]
[Date "2018.07.28"]
[Round "1.2"]
[White "Bahlo, Jens"]
[Black "Wan, Yunguo"]
[Result "0-1"]
[WhiteElo "1973"]
[BlackElo "2514"]
[Annotator "NB"]
[PlyCount "58"]
[EventDate "2018.??.??"]
[WhiteTeam "Gießen"]
[BlackTeam "Hebei"]

1. Nc3 c5 2. Nf3 g6 3. h4 Nf6 4. d4 cxd4 5. Nxd4 Bg7 6. e4 d6 7. Be2 Nc6 8. Bg5
h6 9. Be3 Bd7 10. Qd2 Ng4 11. Nxc6 bxc6 12. Bd4 e5 13. Bxg4 exd4 14. Bxd7+ Qxd7
15. Ne2 Rb8 16. Rb1 Qg4 17. Kf1 Qxe4 18. Ng3 Qd5 19. Qe2+ Qe6 20. Qa6 O-O 21.
b3 Qd5 22. a4 Rfe8 23. h5 g5 24. Qd3 Re5 25. Kg1 Rbe8 26. Kh2 f5 27. f3 Qf7 28.
Rhf1 f4 29. Ne4 g4 0-1

[Event "Kieler Open 2018-A"]
[Site "Kiel"]
[Date "2018.07.28"]
[Round "1.3"]
[White "Krause, Benedict"]
[Black "Gütschow, Martin"]
[Result "1-0"]
[WhiteElo "2445"]
[BlackElo "1968"]
[Annotator "NB"]
[PlyCount "49"]
[EventDate "2018.??.??"]
[WhiteTeam "SK Norderstedt von 1975"]
[BlackTeam "Segeberg"]

1. e4 e5 2. Nf3 Nf6 3. d4 Nxe4 4. Bd3 d5 5. Nxe5 Bd6 6. O-O O-O 7. Nd2 Re8 8.
Nxe4 dxe4 9. Bxe4 Bxe5 10. dxe5 Qe7 11. f4 Na6 12. c3 Nc5 13. Bc2 b6 14. b4 Ba6
15. bxc5 Bxf1 16. Kxf1 Qxc5 17. Qd4 Qa5 18. Be3 c5 19. Qd3 g6 20. Bb3 Rac8 21.
Bd5 b5 22. Rd1 c4 23. Qe4 Rcd8 24. f5 Qc7 25. fxg6 1-0

[Event "Kieler Open 2018-A"]
[Site "Kiel"]
[Date "2018.07.28"]
[Round "1.4"]
[White "Berger, Joachim"]
[Black "Lanka, Zigurds"]
[Result "0-1"]
[WhiteElo "1966"]
[BlackElo "2414"]
[Annotator "NB"]
[PlyCount "84"]
[EventDate "2018.??.??"]
[WhiteTeam "Lübecker SV von 1873"]
[BlackTeam "SC Viernheim"]

1. d4 Nf6 2. Nf3 e6 3. e3 b6 4. Bd3 Bb7 5. O-O c5 6. c4 g6 7. Nc3 Bg7 8. d5
exd5 9. cxd5 Nxd5 10. Nxd5 Bxd5 11. Bxg6 hxg6 12. Qxd5 Nc6 13. Rd1 Qe7 14. Rb1
O-O-O 15. a3 Rh5 16. Qc4 Kb7 17. e4 Na5 18. Qa2 c4 19. Bd2 Qxe4 20. Bxa5 Rxa5
21. Nd2 Qc6 22. Qxc4 Rd5 23. b3 f5 24. Qh4 Rh8 25. Qe7 Be5 26. Nf3 Bf6 27. Qf7
Rxd1+ 28. Rxd1 Rd8 29. Qxg6 Qc2 30. Re1 Bc3 31. Rf1 Qd3 32. h3 a5 33. Qg5 Re8
34. Qc1 Re2 35. Rd1 Rc2 36. Qb1 Qe2 37. Nh4 Qxf2+ 38. Kh1 Re2 39. Qxf5 Re1+ 40.
Rxe1 Qxe1+ 41. Kh2 Be5+ 42. g3 Qxg3+ 0-1

[Event "Kieler Open 2018-A"]
[Site "Kiel"]
[Date "2018.07.28"]
[Round "1.5"]
[White "Voloshin, Leonid"]
[Black "Boyens, Birger"]
[Result "1-0"]
[WhiteElo "2383"]
[BlackElo "1935"]
[Annotator "NB"]
[PlyCount "73"]
[EventDate "2018.??.??"]
[WhiteTeam "SG Kaiserslautern 1905"]
[BlackTeam "Husumer SV von 1898"]

1. d4 f5 2. Nc3 Nf6 3. Bg5 d5 4. Bxf6 exf6 5. e3 c6 6. Bd3 Bd6 7. Qf3 g6 8.
Nge2 Be6 9. h3 Qd7 10. g4 fxg4 11. hxg4 Rf8 12. Rg1 f5 13. g5 Na6 14. Bxa6 bxa6
15. Na4 Rb8 16. b3 Qc7 17. Qh3 Rf7 18. f4 Re7 19. Kf2 Qa5 20. Qf1 Kd7 21. Qe1
Bb4 22. c3 Ba3 23. Nc1 Qb5 24. Qd2 Kc7 25. Nd3 Bc8 26. Nac5 a5 27. c4 Bb4 28.
Qc2 dxc4 29. bxc4 Qb6 30. Na4 Qb7 31. a3 c5 32. d5 Bd7 33. axb4 cxb4 34. Ndc5
Bxa4 35. Qxa4 Qb6 36. Qxa5 Qxa5 37. Rxa5 1-0

[Event "Kieler Open 2018-A"]
[Site "Kiel"]
[Date "2018.07.28"]
[Round "1.6"]
[White "Schmidt, Peter"]
[Black "Rocha, Sergio"]
[Result "0-1"]
[WhiteElo "1932"]
[BlackElo "2373"]
[Annotator "NB"]
[PlyCount "86"]
[EventDate "2018.??.??"]
[WhiteTeam "Kieler SG"]
[BlackTeam "FC Barreirense"]

1. e4 c5 2. Nf3 Nc6 3. d4 cxd4 4. Nxd4 Qb6 5. Nb3 Nf6 6. Nc3 e6 7. Be3 Qc7 8.
f4 d6 9. Bd3 Be7 10. O-O a6 11. Qf3 O-O 12. g4 Nb4 13. g5 Nd7 14. Qg3 Re8 15.
Rac1 Bf8 16. Be2 b5 17. a3 Nc6 18. e5 dxe5 19. Ne4 Bb7 20. Bd3 Rad8 21. f5 exf5
22. Rxf5 Ne7 23. Nf6+ Nxf6 24. gxf6 Nxf5 25. Bxf5 g6 26. h4 Qc6 27. h5 Qf3 28.
Qxf3 Bxf3 29. hxg6 fxg6 30. Bh3 Kf7 31. Kf2 Bd5 32. Nc5 Bxc5 33. Bxc5 Kxf6 34.
Ke3 Be6 35. Bg2 Bf5 36. Bb7 Re6 37. c4 Rd3+ 38. Ke2 Rb3 39. cxb5 Rxb2+ 40. Ke3
axb5 41. Bb4 h5 42. Bd5 Ra6 43. Rc7 Rxb4 0-1

[Event "Kieler Open 2018-A"]
[Site "Kiel"]
[Date "2018.07.28"]
[Round "1.7"]
[White "Krause, Jonah"]
[Black "Hoffmann, Joachim"]
[Result "1-0"]
[WhiteElo "2336"]
[BlackElo "1911"]
[Annotator "NB"]
[PlyCount "51"]
[EventDate "2018.??.??"]
[WhiteTeam "FC ST.Pauli 1910 eV SAbt"]
[BlackTeam "SK Doppelbauer Kiel"]

1. d4 f5 2. g3 Nf6 3. Bg2 e6 4. c4 d5 5. Qc2 c6 6. Nh3 Bd6 7. O-O a5 8. Bf4 O-O
9. Nd2 dxc4 10. Qxc4 b5 11. Qd3 Nd5 12. Bxd6 Qxd6 13. a3 Ba6 14. Rfe1 Nd7 15.
e4 N5b6 16. e5 Qc7 17. Nf4 Rfe8 18. Rac1 b4 19. Qb3 Kf7 20. Rxc6 a4 21. Qxe6+
Rxe6 22. Rxc7 Rc8 23. Nxe6 Kxe6 24. d5+ Nxd5 25. Bxd5+ Ke7 26. Ra7 1-0

[Event "Kieler Open 2018-A"]
[Site "Kiel"]
[Date "2018.07.28"]
[Round "1.8"]
[White "Weber, Jannis"]
[Black "Wichmann, Cliff"]
[Result "0-1"]
[WhiteElo "1890"]
[BlackElo "2305"]
[Annotator "NB"]
[PlyCount "70"]
[EventDate "2018.??.??"]
[WhiteTeam "SV Hennef"]
[BlackTeam "ESV Nickelhütte Aue"]

1. e4 e6 2. d4 d5 3. Nc3 Nf6 4. e5 Nfd7 5. Nf3 c5 6. Be2 Nc6 7. Bf4 cxd4 8.
Nxd4 Ncxe5 9. Ndb5 a6 10. Nxd5 axb5 11. Bxb5 exd5 12. Qxd5 Nc6 13. O-O Be7 14.
Bxc6 bxc6 15. Qxc6 Ra6 16. Qc4 O-O 17. Bc7 Qe8 18. Rfe1 Nf6 19. Be5 Re6 20. a4
Ba6 21. Qc3 Qc8 22. Qxc8 Rxc8 23. c3 Bc5 24. b4 Bxf2+ 25. Kxf2 Rxe5 26. Rxe5
Ng4+ 27. Kf3 Nxe5+ 28. Ke4 f6 29. Kd5 Bb7+ 30. Ke6 Rxc3 31. b5 Rd3 32. a5 Bc8+
33. Ke7 Ng6+ 34. Ke8 Be6 35. b6 Bf7# 0-1

[Event "Kieler Open 2018-A"]
[Site "Kiel"]
[Date "2018.07.28"]
[Round "1.9"]
[White "Holtel, Jasper"]
[Black "Basey, Matthew"]
[Result "1-0"]
[WhiteElo "2234"]
[BlackElo "1889"]
[Annotator "NB"]
[PlyCount "85"]
[EventDate "2018.??.??"]
[WhiteTeam "SK Münster 32 e.V."]
[BlackTeam "Kieler SG"]

1. e4 c5 2. Nf3 d6 3. Bb5+ Bd7 4. Bxd7+ Nxd7 5. O-O Ngf6 6. Qe2 Rc8 7. c4 g6 8.
d4 cxd4 9. Nxd4 Bg7 10. Nc3 O-O 11. b3 Nc5 12. Bb2 e5 13. Nc2 Ne6 14. Rad1 a6
15. Qd2 Nc5 16. f3 Qb6 17. Kh1 Rfd8 18. Ne3 Qc6 19. Ncd5 Qe8 20. Bc3 Rc6 21.
Nxf6+ Bxf6 22. Nd5 Bg7 23. Qe2 Ne6 24. Rd2 h5 25. Rfd1 Qf8 26. Ba5 Rd7 27. Qf2
Nd4 28. Bc3 f5 29. Bxd4 exd4 30. exf5 Qxf5 31. Re1 b5 32. cxb5 axb5 33. Ne7+
Rxe7 34. Rxe7 Rc1+ 35. Re1 Qb1 36. Rde2 d3 37. Re8+ Kh7 38. Qd2 Rc2 39. Qxd3
Qb2 40. R8e2 Rxe2 41. Qxe2 Qc3 42. Rd1 Qc5 43. Qd2 1-0

[Event "Kieler Open 2018-A"]
[Site "Kiel"]
[Date "2018.07.28"]
[Round "1.10"]
[White "Strätker, Sebastian"]
[Black "Haag, Martin"]
[Result "1/2-1/2"]
[WhiteElo "1887"]
[BlackElo "2229"]
[Annotator "NB"]
[PlyCount "29"]
[EventDate "2018.??.??"]
[WhiteTeam "ASV Rehau"]
[BlackTeam "SC Bonn Beuel"]

1. Nf3 c5 2. g3 Nf6 3. Bg2 Nc6 4. O-O e6 5. c4 d5 6. cxd5 exd5 7. d4 Be7 8. Nc3
O-O 9. Bg5 c4 10. Ne5 Be6 11. Rc1 Rc8 12. e3 h6 13. Bxf6 Bxf6 14. f4 g6 15. g4
1/2-1/2

[Event "Kieler Open 2018-A"]
[Site "Kiel"]
[Date "2018.07.28"]
[Round "1.11"]
[White "Vatter, Hans-Joachim"]
[Black "Isler, Benjamin"]
[Result "1-0"]
[WhiteElo "2216"]
[BlackElo "1885"]
[Annotator "NB"]
[PlyCount "72"]
[EventDate "2018.??.??"]
[WhiteTeam "SC Emmendingen 1937 e.V."]
[BlackTeam "Flensburger SK"]

1. e4 e6 2. d4 d5 3. e5 c5 4. c3 Nc6 5. Nf3 Qb6 6. a3 Nh6 7. b4 c4 8. a4 a6 9.
Be2 Bd7 10. Na3 Na7 11. O-O Be7 12. Nc2 O-O-O 13. Bxh6 gxh6 14. Qd2 Rdg8 15.
Qxh6 Rg6 16. Qf4 f6 17. g3 Rf8 18. exf6 Rgxf6 19. Qe3 Be8 20. Ne5 Nc6 21. f4
Bd6 22. Ne1 Qc7 23. N1f3 Qg7 24. Kh1 Rh6 25. Nxc6 bxc6 26. Ne5 Rg8 27. Kg1 Qe7
28. Rf2 Rf6 29. Bf1 h5 30. Bh3 h4 31. g4 Kc7 32. Kh1 Bg6 33. Bg2 Bh7 34. h3 Kb6
35. b5 cxb5 36. axb5 axb5 1-0

[Event "Kieler Open 2018-A"]
[Site "Kiel"]
[Date "2018.07.28"]
[Round "1.12"]
[White "Brinckmann, Dieter"]
[Black "Pluska, Alexander"]
[Result "0-1"]
[WhiteElo "1870"]
[BlackElo "2199"]
[Annotator "NB"]
[PlyCount "82"]
[EventDate "2018.??.??"]
[WhiteTeam "Mainz"]
[BlackTeam "SK Doppelbauer Kiel"]

1. d4 Nf6 2. c4 e6 3. Nf3 c5 4. e3 a6 5. Bd3 b6 6. O-O Bb7 7. Nc3 Be7 8. dxc5
bxc5 9. b3 O-O 10. Bb2 Qc7 11. Rc1 d6 12. Qe2 Nbd7 13. e4 Rad8 14. Rfd1 Rfe8
15. Bb1 Bf8 16. Ng5 d5 17. exd5 exd5 18. Qc2 d4 19. Nd5 Qe5 20. Nxh7 Nxd5 21.
Nxf8 Nf4 22. Nxd7 Rxd7 23. Qh7+ Kf8 24. Bd3 g6 25. Bf1 Bxg2 26. Re1 Be4 27.
Qh6+ Kg8 28. f3 f5 29. Qg5 Rh7 30. Qg3 Rh5 31. Kh1 Kg7 32. fxe4 Reh8 33. Rc2
fxe4 34. Rf2 g5 35. b4 Kg6 36. bxc5 e3 37. Rg2 Qe4 38. Ree2 Rxh2+ 39. Qxh2
Rxh2+ 40. Kxh2 Nxe2 41. c6 Qh4# 0-1

[Event "Kieler Open 2018-A"]
[Site "Kiel"]
[Date "2018.07.28"]
[Round "1.13"]
[White "Knudsen, Simon"]
[Black "Werner, René"]
[Result "1-0"]
[WhiteElo "2197"]
[BlackElo "1856"]
[Annotator "NB"]
[PlyCount "99"]
[EventDate "2018.??.??"]
[WhiteTeam "SF Brackel"]
[BlackTeam "Kieler SG"]

1. e4 c5 2. Nf3 d6 3. d4 cxd4 4. Nxd4 g6 5. Nc3 Bg7 6. Be3 Nf6 7. f3 Nc6 8. Qd2
O-O 9. O-O-O Nxd4 10. Bxd4 Qa5 11. Kb1 Be6 12. Nd5 Qxd2 13. Nxe7+ Kh8 14. Rxd2
Rfe8 15. Bxf6 Bxf6 16. Nd5 Bxd5 17. Rxd5 Be5 18. Bc4 Rac8 19. Bb3 b6 20. c3 Kg7
21. g3 g5 22. Kc2 Rc5 23. Rf1 Rxd5 24. Bxd5 Bf6 25. Kd3 h5 26. a4 Re7 27. a5 b5
28. Kc2 Rc7 29. Kb3 a6 30. f4 g4 31. Kb4 Kg6 32. Rh1 h4 33. Rd1 Re7 34. Rd2 Rc7
35. Kb3 h3 36. Re2 Bg7 37. Ka3 Re7 38. Kb4 Rc7 39. Rd2 Kf6 40. Bb3 Bf8 41. Rd5
Rc5 42. Ka3 Rxd5 43. Bxd5 Kg6 44. b4 Bg7 45. Kb3 f5 46. exf5+ Kxf5 47. Bb7 Bf6
48. Kc2 Bd8 49. Kd3 Bc7 50. Bxa6 1-0

[Event "Kieler Open 2018-A"]
[Site "Kiel"]
[Date "2018.07.28"]
[Round "1.14"]
[White "Papesch, Dennis"]
[Black "Schulze, Lara"]
[Result "0-1"]
[WhiteElo "1850"]
[BlackElo "2187"]
[Annotator "NB"]
[PlyCount "88"]
[EventDate "2018.??.??"]
[WhiteTeam "Raisdorf"]
[BlackTeam "SK Lehrte von 1919 e. V."]

1. c4 e5 2. g3 c6 3. d4 exd4 4. Qxd4 Nf6 5. Bg2 Na6 6. Nf3 Bc5 7. Qd1 O-O 8.
O-O d5 9. cxd5 Qxd5 10. Nc3 Qh5 11. Bg5 Be7 12. Qd4 Bg4 13. Qe5 Rfe8 14. Bf4
Bb4 15. Qxh5 Bxh5 16. e3 Bxc3 17. bxc3 Ne4 18. Rfc1 Bxf3 19. Bxf3 g5 20. Bxe4
gxf4 21. f3 fxe3 22. Re1 Nc5 23. Bc2 Rad8 24. Rad1 Rxd1 25. Rxd1 e2 26. Re1 Re3
27. Kf2 Rxc3 28. Rxe2 Nd3+ 29. Bxd3 Rxd3 30. g4 c5 31. Kg3 b5 32. Re5 Rc3 33.
h4 a5 34. h5 h6 35. g5 a4 36. Kg4 a3 37. gxh6 Rc2 38. Kf5 Rxa2 39. Rxc5 Rb2 40.
Kf6 a2 41. Rc8+ Kh7 42. Ra8 Rf2 43. Ke5 b4 44. Kd4 Rc2 0-1

[Event "Kieler Open 2018-A"]
[Site "Kiel"]
[Date "2018.07.28"]
[Round "1.15"]
[White "Pietzsch, Manuel"]
[Black "Farokhi, Keyvan"]
[Result "1-0"]
[WhiteElo "2185"]
[BlackElo "1848"]
[Annotator "NB"]
[PlyCount "55"]
[EventDate "2018.??.??"]
[WhiteTeam "SG Leipzig"]
[BlackTeam "SK Doppelbauer Kiel"]

1. e4 e5 2. Nf3 Nc6 3. Bb5 a6 4. Ba4 d6 5. c3 g6 6. d4 Bd7 7. dxe5 Nxe5 8. Nxe5
dxe5 9. Bxd7+ Qxd7 10. Qxd7+ Kxd7 11. Be3 Nf6 12. f3 Kc6 13. Nd2 Bc5 14. Bxc5
Kxc5 15. b4+ Kc6 16. Nc4 Rhe8 17. Ke2 b6 18. a4 Nh5 19. g3 f6 20. Ne3 Rad8 21.
Rhd1 Rf8 22. Nd5 Rd6 23. b5+ axb5 24. axb5+ Kb7 25. Ra6 Rf7 26. Rda1 Rd8 27.
Ra7+ Kc8 28. Nxb6+ 1-0

[Event "Kieler Open 2018-A"]
[Site "Kiel"]
[Date "2018.07.28"]
[Round "1.16"]
[White "Andresen, Erik"]
[Black "Light, Bjarne"]
[Result "0-1"]
[WhiteElo "1844"]
[BlackElo "2177"]
[Annotator "NB"]
[PlyCount "66"]
[EventDate "2018.??.??"]
[WhiteTeam "Flensburger SK"]
[BlackTeam "Preetzer TSV"]

1. e4 c5 2. Nc3 e5 3. f4 Nc6 4. Nf3 d6 5. Bc4 Be7 6. O-O Nf6 7. Qe1 Be6 8. Bxe6
fxe6 9. fxe5 dxe5 10. Qg3 O-O 11. d3 Qd7 12. Kh1 Nh5 13. Qg4 Nf4 14. Bxf4 Rxf4
15. Qg3 Raf8 16. Ne2 R4f6 17. Kg1 Bd6 18. c3 Qc7 19. Ng5 h6 20. Rxf6 Rxf6 21.
Nf3 c4 22. Rd1 Qb6+ 23. d4 Qxb2 24. dxe5 Nxe5 25. Rxd6 Nxf3+ 26. gxf3 Qxe2 27.
Rd8+ Kh7 28. f4 Qxe4 29. Rd4 Qb1+ 30. Kf2 Rg6 31. Qh3 Qxa2+ 32. Kf3 Qc2 33.
Rxc4 Qd3+ 0-1

[Event "Kieler Open 2018-A"]
[Site "Kiel"]
[Date "2018.07.28"]
[Round "1.17"]
[White "Easwaralingam, Adesh"]
[Black "Karlisch, Moritz"]
[Result "1/2-1/2"]
[WhiteElo "2168"]
[BlackElo "1839"]
[Annotator "NB"]
[PlyCount "94"]
[EventDate "2018.??.??"]
[WhiteTeam "Fredericia SF"]
[BlackTeam "SK Doppelbauer Kiel"]

1. e4 e6 2. d4 d5 3. Nd2 Nf6 4. e5 Nfd7 5. Bd3 c5 6. c3 Nc6 7. Ne2 cxd4 8. cxd4
f6 9. exf6 Nxf6 10. O-O Bd6 11. Nf3 Qc7 12. Nc3 a6 13. Bg5 O-O 14. h3 Bd7 15.
Rc1 Rae8 16. Re1 Bf4 17. Bxf4 Qxf4 18. Ne2 Qb8 19. Qd2 Nh5 20. Qg5 Nf4 21. Bb1
Nxe2+ 22. Rxe2 Qf4 23. Rd1 Qxg5 24. Nxg5 g6 25. b3 Kg7 26. Nf3 Rf4 27. Kh2 Ref8
28. Kg3 h6 29. Rc2 g5 30. h4 g4 31. Ne5 Nxe5 32. Rc7 Nc6 33. Rxd7+ R4f7 34.
Rxf7+ Rxf7 35. Kxg4 Rxf2 36. g3 Re2 37. Kf4 a5 38. h5 Nxd4 39. Rxd4 Re1 40. Ra4
Rxb1 41. Rxa5 Kf6 42. Rb5 Rf1+ 43. Ke3 Ke5 44. Rxb7 d4+ 45. Ke2 Rb1 46. Kd3
Rd1+ 47. Ke2 Rb1 1/2-1/2

[Event "Kieler Open 2018-A"]
[Site "Kiel"]
[Date "2018.07.28"]
[Round "1.18"]
[White "Olde, Henning"]
[Black "Kaulich, Philipp Theodor"]
[Result "0-1"]
[WhiteElo "1839"]
[BlackElo "2157"]
[Annotator "NB"]
[PlyCount "104"]
[EventDate "2018.??.??"]
[WhiteTeam "SK Kollmar"]
[BlackTeam "Kieler SG"]

1. f4 c5 2. Nf3 g6 3. e3 Bg7 4. d4 Nf6 5. Bd3 b6 6. c3 Bb7 7. O-O O-O 8. Nbd2
d5 9. Qe2 Nbd7 10. Ne5 Rc8 11. g4 Ne4 12. Qg2 Nd6 13. Qh3 Nf6 14. Ndf3 Nfe4 15.
g5 Rc7 16. Ng4 Bc8 17. Qg2 b5 18. Nfe5 f6 19. Nf3 a5 20. h4 Bf5 21. Nf2 c4 22.
Bb1 b4 23. Nd2 Nxf2 24. Bxf5 Nxf5 25. Qxf2 Nd6 26. Qg2 e6 27. e4 Nb5 28. Qh3
Re7 29. e5 fxe5 30. fxe5 Rxf1+ 31. Nxf1 Qb6 32. Qe3 Rf7 33. Bd2 a4 34. Rb1 Bf8
35. Nh2 b3 36. axb3 cxb3 37. Ng4 a3 38. Nf6+ Kh8 39. Bc1 a2 40. Ra1 Qc6 41. Qd3
Qc4 42. Qe3 Qc6 43. Kf2 Bg7 44. Ke2 Bf8 45. Qd3 Qc4 46. Ke3 Qxd3+ 47. Kxd3 Rc7
48. Bd2 Na3 49. bxa3 b2 50. Rxa2 b1=Q+ 51. Rc2 Bxa3 52. Ne8 Rb7 0-1

[Event "Kieler Open 2018-A"]
[Site "Kiel"]
[Date "2018.07.28"]
[Round "1.19"]
[White "Poghosyan, Tigran"]
[Black "Nottenkämper, Franz-Ludwig"]
[Result "1-0"]
[WhiteElo "2146"]
[BlackElo "1823"]
[Annotator "NB"]
[PlyCount "35"]
[EventDate "2018.??.??"]
[WhiteTeam "Lübecker SV von 1873"]
[BlackTeam "TV Mehrhoog"]

1. e4 d6 2. d4 Nf6 3. f3 g6 4. Be3 Bg7 5. Qd2 O-O 6. Nc3 Nbd7 7. O-O-O c6 8. h4
e5 9. d5 c5 10. Nge2 Nb6 11. Ng3 a6 12. h5 Bd7 13. Be2 Na4 14. Nxa4 Bxa4 15.
Bh6 Rc8 16. Bxg7 Kxg7 17. Qg5 h6 18. Nf5+ 1-0

[Event "Kieler Open 2018-A"]
[Site "Kiel"]
[Date "2018.07.28"]
[Round "1.20"]
[White "Dengla, Aarav"]
[Black "Möller, Dustin"]
[Result "0-1"]
[WhiteElo "1805"]
[BlackElo "2140"]
[Annotator "NB"]
[PlyCount "58"]
[EventDate "2018.??.??"]
[WhiteTeam "Indien"]
[BlackTeam "Eckernförder SC von 1921"]
[WhiteTeamCountry "IND"]

1. e4 e6 2. d4 d5 3. exd5 exd5 4. Nf3 Bd6 5. Bd3 Bg4 6. Be3 Nc6 7. c3 Nge7 8.
Nbd2 Qd7 9. Be2 f6 10. Nh4 Be6 11. Nhf3 O-O-O 12. b4 Rde8 13. Qa4 Kb8 14. Nb3
Nxd4 15. Qxd7 Nxf3+ 16. Bxf3 Bxd7 17. O-O-O c6 18. Nc5 Bc8 19. Nd3 Nf5 20. Bf4
g5 21. Bxd6+ Nxd6 22. h3 Bf5 23. Bg4 Be4 24. Ne1 h5 25. Bf3 Bxf3 26. gxf3 Nc4
27. Nc2 Re2 28. Rhf1 Rhe8 29. Rd4 Ne5 0-1

[Event "Kieler Open 2018-A"]
[Site "Kiel"]
[Date "2018.07.28"]
[Round "1.21"]
[White "Petri, Alexander"]
[Black "Bücker, Timo"]
[Result "1-0"]
[WhiteElo "2138"]
[BlackElo "1801"]
[Annotator "NB"]
[PlyCount "75"]
[EventDate "2018.??.??"]
[WhiteTeam "SK Doppelbauer Kiel"]
[BlackTeam "Kappeln"]

1. d4 Nc6 2. Nf3 e6 3. g3 b6 4. Bg2 Bb7 5. O-O d5 6. c4 Bd6 7. cxd5 exd5 8. Nc3
Nge7 9. Nb5 Ng6 10. Nxd6+ Qxd6 11. h4 h5 12. Ng5 f6 13. Nh3 O-O-O 14. Qd3 Nge7
15. Bf4 Qb4 16. Rac1 Rd7 17. Rfd1 Qxb2 18. a3 a6 19. Rb1 Qa2 20. Rdc1 Kd8 21.
Bd2 Bc8 22. e3 Na5 23. Bxa5 bxa5 24. Ra1 Qb2 25. Rcb1 Qxa1 26. Rxa1 Rd6 27. Rc1
Rb6 28. Qc3 Rc6 29. Qd2 Be6 30. Nf4 Bf7 31. Rxc6 Nxc6 32. Bxd5 Bxd5 33. Nxd5
Kd7 34. Qc3 Rb8 35. Nxc7 Kxc7 36. d5 Rb6 37. dxc6 Rxc6 38. Qxa5+ 1-0

[Event "Kieler Open 2018-A"]
[Site "Kiel"]
[Date "2018.07.28"]
[Round "1.22"]
[White "Gehlsen, René"]
[Black "Du, Yuxin"]
[Result "0-1"]
[WhiteElo "1799"]
[BlackElo "2129"]
[Annotator "NB"]
[PlyCount "78"]
[EventDate "2018.??.??"]
[WhiteTeam "SV VHS Heide"]
[BlackTeam "Guandong"]

1. d4 Nf6 2. Nf3 e6 3. e3 b6 4. c4 Bb7 5. a3 c5 6. dxc5 bxc5 7. Be2 Be7 8. O-O
O-O 9. Nfd2 Qc7 10. Nc3 a6 11. Bf3 Nc6 12. Bxc6 Bxc6 13. e4 Bd6 14. h3 Be5 15.
Qc2 Bxc3 16. bxc3 Rab8 17. f3 Nh5 18. Rd1 Nf4 19. Nf1 f5 20. exf5 Rxf5 21. Bxf4
Qxf4 22. Qd2 Qxd2 23. Rxd2 Rb3 24. Rc2 Rf8 25. Nd2 Rb6 26. Ne4 Bxe4 27. fxe4
Rf4 28. Rd2 d6 29. Re1 Kf7 30. e5 dxe5 31. Rd7+ Kf6 32. g3 Rxc4 33. Rf1+ Kg6
34. Rff7 Rb1+ 35. Kf2 Rb2+ 36. Ke1 Rxc3 37. Rxg7+ Kf5 38. Rdf7+ Ke4 39. Rg4+
Ke3 0-1

[Event "Kieler Open 2018-A"]
[Site "Kiel"]
[Date "2018.07.28"]
[Round "1.23"]
[White "Arndt, Magnus"]
[Black "Lubenow, Olaf"]
[Result "1-0"]
[WhiteElo "2120"]
[BlackElo "1794"]
[Annotator "NB"]
[PlyCount "57"]
[EventDate "2018.??.??"]
[WhiteTeam "SK Doppelbauer Kiel"]
[BlackTeam "SK Kollmar"]

1. e4 Nf6 2. Nc3 d6 3. d4 g6 4. Bf4 Bg7 5. Qd2 h5 6. Nf3 Nc6 7. d5 Ne5 8. Nxe5
dxe5 9. Bxe5 Nxe4 10. Qd4 Bxe5 11. Qxe5 Nf6 12. Nb5 Kd7 13. O-O-O Ng4 14. Qf4
g5 15. Qa4 Ke8 16. Nxc7+ Kf8 17. Nxa8 Bd7 18. Qxa7 Kg7 19. f3 Qxa8 20. Qxa8
Rxa8 21. fxg4 Bxg4 22. Re1 Rxa2 23. Kb1 Ra5 24. Bc4 Rc5 25. Bb3 Rc7 26. Rhf1 f6
27. h3 Bc8 28. Re4 f5 29. Rc4 1-0

[Event "Kieler Open 2018-A"]
[Site "Kiel"]
[Date "2018.07.28"]
[Round "1.24"]
[White "Easwaralingam, Janith"]
[Black "Beeck, Mats"]
[Result "0-1"]
[WhiteElo "1792"]
[BlackElo "2120"]
[Annotator "NB"]
[PlyCount "62"]
[EventDate "2018.??.??"]
[WhiteTeam "Fredericia SF"]
[BlackTeam "SK Doppelbauer Kiel"]

1. e4 e5 2. Nc3 Nf6 3. Bc4 Nc6 4. d3 Bc5 5. Bg5 h6 6. Be3 Bxe3 7. fxe3 Na5 8.
Bb3 Nxb3 9. axb3 d5 10. exd5 Bg4 11. Nf3 Nxd5 12. Nxd5 Qxd5 13. O-O f5 14. Qd2
Bxf3 15. Rxf3 O-O 16. Qc3 e4 17. Rg3 Rf7 18. Ra5 Qd7 19. Re5 Rd8 20. d4 c6 21.
Qc4 g5 22. c3 Kg7 23. Qe6 Qxe6 24. Rxe6 g4 25. h3 h5 26. hxg4 hxg4 27. c4 Rdd7
28. Kf2 Rfe7 29. Rxe7+ Rxe7 30. b4 Kf6 31. b3 Rh7 0-1

[Event "Kieler Open 2018-A"]
[Site "Kiel"]
[Date "2018.07.28"]
[Round "1.25"]
[White "Birnbaum, Detlev"]
[Black "Linke, Michael"]
[Result "1-0"]
[WhiteElo "2118"]
[BlackElo "1792"]
[Annotator "NB"]
[PlyCount "75"]
[EventDate "2018.??.??"]
[WhiteTeam "SC Viernheim"]
[BlackTeam "Köln"]

1. d4 Nf6 2. c4 c5 3. d5 b5 4. cxb5 a6 5. bxa6 g6 6. Nc3 d6 7. e4 Bg7 8. Nf3
O-O 9. Be2 e6 10. O-O Qb6 11. Nd2 exd5 12. exd5 Nxa6 13. Nc4 Qd8 14. Bf4 Ne8
15. Qd2 f5 16. Nb5 Nac7 17. Nbxd6 Bf6 18. Nxc8 Rxc8 19. Bf3 g5 20. Bxc7 Rxc7
21. d6 Rg7 22. Qd5+ Kh8 23. Qxc5 g4 24. Bd5 Bg5 25. d7 Nf6 26. Bc6 Nxd7 27. Qd5
Qc7 28. Rad1 Nf6 29. Qd6 Qf7 30. Ne5 Qg8 31. Bd5 Nxd5 32. Qxd5 Ra7 33. a3 Qg7
34. f4 gxf3 35. Rxf3 Qh6 36. Nd7 Be3+ 37. Kh1 Qg7 38. Nxf8 1-0

[Event "Kieler Open 2018-A"]
[Site "Kiel"]
[Date "2018.07.28"]
[Round "1.26"]
[White "Christensen, Andreas"]
[Black "Horn, Peter"]
[Result "0-1"]
[WhiteElo "1790"]
[BlackElo "2112"]
[Annotator "NB"]
[PlyCount "100"]
[EventDate "2018.??.??"]
[WhiteTeam "Hamburger SK von 1830 eV"]
[BlackTeam "SC Concordia SAbt Palame"]

1. e4 e6 2. d4 d5 3. Nd2 c5 4. exd5 Qxd5 5. Ngf3 cxd4 6. Bc4 Qd7 7. Nb3 Nc6 8.
Nbxd4 Nxd4 9. Nxd4 a6 10. O-O Nf6 11. Be3 Bd6 12. Bd3 O-O 13. a4 Qc7 14. h3 b6
15. Qe2 Bb7 16. Rfd1 Nd5 17. Bd2 Nf4 18. Bxf4 Bxf4 19. Nf3 Qc6 20. Ra3 Rfd8 21.
Rc3 Qe8 22. Rc4 Bd6 23. Ng5 g6 24. Qg4 f5 25. Qe2 Bd5 26. Rh4 Be7 27. f4 Bxg5
28. fxg5 e5 29. Bxa6 Bf7 30. Bb5 Qe7 31. Bc4 e4 32. Bxf7+ Qxf7 33. Rxd8+ Rxd8
34. Rf4 Qd5 35. Kf1 Rc8 36. c3 Rc4 37. Qc2 Qc6 38. Qb3 Qxa4 39. Qxa4 Rxa4 40.
g3 Ra1+ 41. Kg2 Rd1 42. Rf2 Kf7 43. Re2 Ke6 44. Kf2 Kd5 45. Ke3 Rd3+ 46. Kf2
Kc4 47. h4 Rf3+ 48. Kg2 Kd3 49. Re1 Kd2 50. Ra1 Rd3 0-1

[Event "Kieler Open 2018-A"]
[Site "Kiel"]
[Date "2018.07.28"]
[Round "1.27"]
[White "Ghadimi, Mohammed Reza"]
[Black "Rohmann, Volker"]
[Result "1-0"]
[WhiteElo "2108"]
[BlackElo "1789"]
[Annotator "NB"]
[PlyCount "101"]
[EventDate "2018.??.??"]
[WhiteTeam "SK Doppelbauer Kiel"]
[BlackTeam "SVG Friedrichsort"]

1. e4 e5 2. Nf3 Nc6 3. Bb5 a6 4. Ba4 Nf6 5. O-O b5 6. Bb3 Be7 7. Re1 d6 8. c3
O-O 9. h3 Na5 10. Bc2 c5 11. d4 Qc7 12. d5 Bd7 13. Nbd2 Rfe8 14. Nf1 Nc4 15.
Ng3 g6 16. b3 Nb6 17. Bg5 Qd8 18. Nh2 Kg7 19. Qd2 Ng8 20. Be3 Bh4 21. Rf1 Rf8
22. Nf3 Be7 23. Rae1 f6 24. Nh2 Qc7 25. f4 Rae8 26. f5 Rf7 27. Ng4 Kh8 28. Bd1
Qd8 29. Rf2 Bf8 30. Ref1 Bg7 31. Nh2 Ref8 32. Bg4 Ne7 33. h4 Rg8 34. h5 gxf5
35. Nxf5 Nxf5 36. Bxf5 Bxf5 37. Rxf5 Bf8 38. Qf2 Be7 39. g4 Rfg7 40. Qh4 h6 41.
Bxh6 Rh7 42. Be3 Nd7 43. Qe1 Qe8 44. Kh1 Rhg7 45. Rg1 Nf8 46. Qh4 Rh7 47. Qf2
Rhg7 48. Qd2 Nh7 49. Bh6 Rf7 50. Nf3 Bf8 51. Nh4 1-0